000 01072cam a2200337 i 4500
001 000019496
003 DO-SdBNP
005 20230525114340.0
007 ta
008 100504s1970 sp 001 f spa d
040 _aDO-SdBNP
_bspa
_cBNPHU
_erda
049 _aBNGR
082 4 _a863.6
_bV181g, 1970
_222
100 1 _aValle-Inclán, Ramón del,
_d1866-1936.
_93325
_eautor
245 1 0 _aGerifaltes de Antaño /
_cRamón del Valle-Inclán.
250 _a3a ed.
264 _aMadrid :
_bEspasa-Calpe,
_c1970.
300 _a139 páginas ;
_c18 cm.
336 _2rdacontent
_atexto
_btxt
337 _2rdamedia
_asin mediación
_bn
338 _2rdacarrier
_avolumen
_bnc
490 1 _aAustral. Azul: novelas y cuentos en general
_v520
490 1 _aLa guerra carlista
500 _aIncluye índice de autores
650 4 _aNovela española
_91123
650 4 _aLiteratura española
_9632
830 0 _aLa guerra carlista
_941660
830 0 _aAustral.
_pAzul: novelas y cuentos en general;
_v520
_922386
830 3 _aLa guerra Carlista
_941860
942 _2ddc
_cLBS1
999 _c19012
_d19012